Το ανεπίλυτο πένθος των queer ζώων ως φασματική επανεγγραφή στο "σήμερα" : η περίπτωση της Νανάς Χατζή : διπλωματική μεταπτυχιακή εργασία

Μέσω μιας μελέτης περίπτωσης, συνεντεύξεις, συμμετοχική παρατήρηση, διαδικτυακή και βιβλιογραφική έρευνα, συνθέτω μια αφήγηση για τις φασματικές παρουσίες του συλλογικού τραύματος που προκύπτει λόγω του συγκεκαλυμένου ή ανύπαρκτου θρήνου για τις χαμένες τρανς και queer ζωές. Με την υπόθεση της Νανάς...

Full description

Saved in:
Bibliographic Details
Main Author: Παπανικόλα, Παρασκευή
Corporate Author: Πανεπιστήμιο Αιγαίου Σχολή Κοινωνικών Επιστημών Τμήμα Κοινωνικής Ανθρωπολογίας και Ιστορίας Πρόγραμμα Μεταπτυχιακών Σπουδών Φύλο, Πολιτισμός και Κοινωνία
Format: Thesis Book
Language:Greek
Published: 2016.
Tags: Add Tag
No Tags, Be the first to tag this record!

MARC

LEADER 00000cam a2200000 a 4500
001 1/120269
008 191104s2016####gr | ||| |||| ||gre||
040 |a GR-MyUa  |b gre  |c GR-MyUa  |e AACR2 
041 0 |a gre 
082 7 |a 000  |2 (23) 
100 1 |a Παπανικόλα, Παρασκευή. 
245 1 3 |a Το ανεπίλυτο πένθος των queer ζώων ως φασματική επανεγγραφή στο "σήμερα" :   |b η περίπτωση της Νανάς Χατζή : διπλωματική μεταπτυχιακή εργασία /   |c Παπανικόλα Παρασκευή ; επιβλέπων Γιαννακόπουλος Κώστας.  
260 |c 2016.  
300 |a 75 σ. ;   |c 29 εκ.  
500 |a Τριμελής επιτροπή: Γιαννακόπουλος Κώστας, Καντσά Βενετία, Χατζαρούλα Ποθητή.  
502 |a Διατριβή (μεταπτυχιακή) - Πανεπιστήμιο Αιγαίου, Μυτιλήνη, 2016.  
504 |a Βιβλιογραφία: σ. 66-75.  
506 0
520 8 |a Μέσω μιας μελέτης περίπτωσης, συνεντεύξεις, συμμετοχική παρατήρηση, διαδικτυακή και βιβλιογραφική έρευνα, συνθέτω μια αφήγηση για τις φασματικές παρουσίες του συλλογικού τραύματος που προκύπτει λόγω του συγκεκαλυμένου ή ανύπαρκτου θρήνου για τις χαμένες τρανς και queer ζωές. Με την υπόθεση της Νανάς Χατζή σαν εφαλτήριο συγκροτώ ένα αρχείο με σκοπό να συζητήσω ζητήματα που έχουν να κάνουν με την απώλεια, το τραύμα και τη μνήμη. Η Νανά Χατζή, τρανς γυναίκα και πολυαγάπητο πρόσωπο στην ΛΟΑΤΚ κοινότητα της Θεσσαλονίκης εξέπνευσε τον Αύγουστο του 2015, πάσχοντας τους τελευταίους μήνες από καρκίνο. Γύρω της μαζεύτηκαν τα αγαπημένα της πρόσωπα και μια κοινότητα ακτιβιστριών/ακτιβιστών για να φροντίσουν, να αποχαιρετήσουν και να θρηνήσουν την Νανά. Προσεγγίζω τις αφηγήσεις των βιωμάτων τους χρησιμοποιώντας τις έννοιες της «queer φασματικότητας», της «αντισυμβατικής αρχειοθέτησης», του «συλλογικού τραύματος» και της «διαθεματικότητας» έτσι ώστε να επιχειρήσω να δώσω μια απάντηση στα ακόλουθα ερωτήματα: Ποιος είναι ο παράγοντας που καθιστά κάποιες ζωές άξιες θρήνου ενώ κάποιες ζωές δεν λογαριάζονται ως ζωές; Πως παράγεται η συλλογική μνήμη για ένα πρόσωπο το οποίο στερείται κοινωνικής αναγνώρισης και υφίσταται συστημική περιθωριοποίηση; Ποιοι κατέχουν αυτό το αρχείο και ποια επιστημολογικά και δεοντολογικά ζητήματα προκύπτουν γύρω από την αναπαράσταση την οποία επιτελεί; Πως μπορούμε να ερμηνεύσουμε τις ελλείψεις, τις απουσίες, τα φαντάσματα, και τις απώλειες που εν γένη στοιχειώνουν την προσπάθεια απομνημόνευσης; 
700 1 |a Γιαννακόπουλος, Κώστας,  |e dgs 
710 2 |a Πανεπιστήμιο Αιγαίου  |b Σχολή Κοινωνικών Επιστημών  |b Τμήμα Κοινωνικής Ανθρωπολογίας και Ιστορίας  |b Πρόγραμμα Μεταπτυχιακών Σπουδών Φύλο, Πολιτισμός και Κοινωνία. 
852 |a INST  |b LESVOS  |c DIATR  |e 20191104  |h 3  |p 005100063030  |q 005100063030  |t MTXE  |y 23 
920 |a Παπανικόλα  |b Παρασκευή  |y Λέσβος  |z 2016-11 
970 |a Πατσή   |b Ανθίππη  |z 4-11-2019